Catálogo
 En Linea

Bárbara Moreno : (Registro nro. 49746)

Detalles MARC
000 -CABECERA
campo de control de longitud fija 00718nam a2200229 4500
003 - IDENTIFICADOR DEL NÚMERO DE CONTROL
campo de control DO-SdBNP
005 - FECHA Y HORA DE LA ÚLTIMA TRANSACCIÓN
campo de control 20240229073927.0
007 - CAMPO FIJO DE DESCRIPCIÓN FÍSICA--INFORMACIÓN GENERAL
campo de control de longitud fija ta
008 - DATOS DE LONGITUD FIJA--INFORMACIÓN GENERAL
campo de control de longitud fija 210416b2017 dr ||||| |||| 00| 0 eng d
020 ## - NÚMERO INTERNACIONAL ESTÁNDAR DEL LIBRO
Número Internacional Estándar del Libro 9789945168228
040 ## - FUENTE DE LA CATALOGACIÓN
Centro catalogador/agencia de origen DO-SdBNP
Lengua de catalogación spa
Centro/agencia transcriptor BNPHU
Normas de descripción rda
082 #4 - NÚMERO DE LA CLASIFICACIÓN DECIMAL DEWEY
Número de clasificación RD864.44
Número de documento/Ítem D249b
Número de edición 22
100 1# - ENTRADA PRINCIPAL--NOMBRE DE PERSONA
Nombre de persona León David
Fechas asociadas al nombre 1945-
9 (RLIN) 84930
245 10 - MENCIÓN DE TÍTULO
Título Bárbara Moreno :
Resto del título entrevista a León David /
Mención de responsabilidad, etc. León David
260 ## - PUBLICACIÓN, DISTRIBUCIÓN, ETC.
Lugar de publicación, distribución, etc. Santo Domingo :
Nombre del editor, distribuidor, etc. Unicornio,
Fecha de publicación, distribución, etc. 2017.
300 ## - DESCRIPCIÓN FÍSICA
Extensión 39 p. ;
Dimensiones 21 cm.
500 ## - NOTA GENERAL
Nota general Incluye datos biográficos del autor en la solapa de la contracubierta
590 ## - NOTA LOCAL (RLIN)
Nota local Inventariado, 2021 / SA
600 10 - PUNTO DE ACCESO ADICIONAL DE MATERIA--NOMBRE DE PERSONA
Nombre de persona León David
Fechas asociadas al nombre 1945-
Subdivisión de forma Entrevistas
9 (RLIN) 84930
910 ## - DATOS DE OPCIÓN DEL USUARIO (OCLC)
Datos de opción del usuario Saquino/
942 ## - ELEMENTOS DE PUNTO DE ACCESO ADICIONAL (KOHA)
Fuente del sistema de clasificación o colocación Dewey Decimal Classification
Tipo de ítem Koha Folleto
Existencias
Estado de retiro Estado de pérdida Fuente del sistema de clasificación o colocación Restricciones de uso No para préstamo Código de colección Localización permanente Ubicación/localización actual Ubicación en estantería Fecha de adquisición Fuente de adquisición Total de préstamos Signatura topográfica completa Código de barras Fecha visto por última vez Precio válido a partir de Tipo de ítem Koha Número de copia
    Dewey Decimal Classification Préstamo en sala   Dominicana de Servicio Biblioteca Nacional Pedro Henríquez Ureña Dominicana En catalogación 16.04.2021 Depósito Legal   BNPHU PD RD864.44 D249b 2017 2021-1461 16.04.2021 16.04.2021 Libro y Folleto Colección Dominicana de Servicio e.3
    Dewey Decimal Classification Préstamo en sala   Dominicana de Servicio Biblioteca Nacional Pedro Henríquez Ureña Dominicana En catalogación 16.04.2021 Donado / León David   BNPHU PD RD864.44 D249b 2017 2021-1462 16.04.2021 16.04.2021 Libro y Folleto Colección Dominicana de Servicio e.4
    Dewey Decimal Classification Préstamo en sala   Dominicana de Servicio Biblioteca Nacional Pedro Henríquez Ureña Dominicana En catalogación 16.04.2021 Donado / León David   BNPHU PD RD864.44 D249b, 2017 2021-1463 16.04.2021 16.04.2021 Libro y Folleto Colección Dominicana de Servicio e.5
    Dewey Decimal Classification Excluido de préstamo   Patrimonio Dominicano Biblioteca Nacional Pedro Henríquez Ureña Patrimonio Dominicano Depósito 16.04.2021 Depósito Legal   BNPHU PD RD864.44 D249b 2017 2021-1457 16.04.2021 16.04.2021 Libro y Folleto Colección Patrimonio Dominicano  
    Dewey Decimal Classification Excluido de préstamo   Patrimonio Dominicano Biblioteca Nacional Pedro Henríquez Ureña Patrimonio Dominicano Depósito 16.04.2021 Depósito Legal   BNPHU PD RD864.44 D249b 2017 2021-1460 16.04.2021 16.04.2021 Libro y Folleto Colección Patrimonio Dominicano e.2

Con tecnología Koha